| 000 | 00579nam a2200217Ia 4500 | ||
|---|---|---|---|
| 003 | OSt | ||
| 005 | 20250304092307.0 | ||
| 008 | 210210b1972 xxu||||| |||| 00| 0 eng d | ||
| 040 | _cAL | ||
| 041 | _ahin | ||
| 082 | _aH891.9 RAJS | ||
| 100 |
_aRAJ (Dasharath): _9203578 |
||
| 110 | _eराज दशरत | ||
| 245 |
_aSur sahity vimarsh: _bसुर साहित्य विमर्श |
||
| 260 |
_aNayi Dilli _bPrabhat Prakashan _c1972 |
||
| 300 | _a213 | ||
| 650 |
_aSurdas _9203579 |
||
| 690 |
_aHindi Criticism _9203580 |
||
| 906 | _a029393 | ||
| 942 |
_2ddc _cBK |
||
| 999 |
_c80614 _d80614 |
||